Gazetteer of the Gurdaspur District, 1891-92 / (Record no. 329830)
[ view plain ]
| 000 -LEADER | |
|---|---|
| fixed length control field | 01166cam a22003254a 4500 |
| 001 - CONTROL NUMBER | |
| control field | 15009077 |
| 003 - CONTROL NUMBER IDENTIFIER | |
| control field | NUST |
| 005 - DATE AND TIME OF LATEST TRANSACTION | |
| control field | 20170523134518.0 |
| 008 - FIXED-LENGTH DATA ELEMENTS--GENERAL INFORMATION | |
| fixed length control field | 070917r18922007pk s 000 0 eng |
| 010 ## - LIBRARY OF CONGRESS CONTROL NUMBER | |
| LC control number | 2007432775 |
| 020 ## - INTERNATIONAL STANDARD BOOK NUMBER | |
| International Standard Book Number | 9789693520262 |
| 020 ## - INTERNATIONAL STANDARD BOOK NUMBER | |
| International Standard Book Number | 9693520262 |
| 040 ## - CATALOGING SOURCE | |
| Original cataloging agency | DLC |
| Transcribing agency | DLC |
| 042 ## - AUTHENTICATION CODE | |
| Authentication code | lcode |
| 043 ## - GEOGRAPHIC AREA CODE | |
| Geographic area code | a-ii--- |
| 050 00 - LIBRARY OF CONGRESS CALL NUMBER | |
| Classification number | DS485.G85 |
| Item number | G39 2007 |
| 082 ## - DEWEY DECIMAL CLASSIFICATION NUMBER | |
| Classification number | 954.914 GAZ |
| 110 2# - MAIN ENTRY--CORPORATE NAME | |
| Corporate name or jurisdiction name as entry element | Punjab (India) |
| 9 (RLIN) | 1175 |
| 245 10 - TITLE STATEMENT | |
| Title | Gazetteer of the Gurdaspur District, 1891-92 / |
| Statement of responsibility, etc. | compiled and published under the authority of the Punjab Government. |
| 246 3# - VARYING FORM OF TITLE | |
| Title proper/short title | Gurdaspur District |
| 246 17 - VARYING FORM OF TITLE | |
| Title proper/short title | Punjab Gazetteer: Gurdaspur District |
| 250 ## - EDITION STATEMENT | |
| Edition statement | [2nd ed.] |
| 260 ## - PUBLICATION, DISTRIBUTION, ETC. | |
| Place of publication, distribution, etc. | Lahore : |
| Name of publisher, distributor, etc. | Sang-e-Meel Publications, |
| Date of publication, distribution, etc. | 2007. |
| 300 ## - PHYSICAL DESCRIPTION | |
| Extent | 197, xxxix ; |
| Dimensions | 25 cm. |
| 500 ## - GENERAL NOTE | |
| General note | Includes statistical tables. |
| 500 ## - GENERAL NOTE | |
| General note | Running title: Punjab Gazetteer: Gurdaspur district. |
| 500 ## - GENERAL NOTE | |
| General note | Originallly published : Lahore : Civil and Military Press, 1892. |
| 651 #0 - SUBJECT ADDED ENTRY--GEOGRAPHIC NAME | |
| Geographic name | Gurdāspur (India : District) |
| 9 (RLIN) | 1342 |
| 906 ## - LOCAL DATA ELEMENT F, LDF (RLIN) | |
| a | 7 |
| b | cbc |
| c | origcop |
| d | 3 |
| e | ncip |
| f | 20 |
| g | y-gencatlg |
| 942 ## - ADDED ENTRY ELEMENTS (KOHA) | |
| Source of classification or shelving scheme | |
| Koha item type | Book |
| Withdrawn status | Lost status | Source of classification or shelving scheme | Damaged status | Not for loan | Permanent Location | Current Location | Date acquired | Total Checkouts | Full call number | Barcode | Date last seen | Price effective from | Koha item type |
|---|---|---|---|---|---|---|---|---|---|---|---|---|---|
| School of Civil and Environmental Engineering (SCEE) | School of Civil and Environmental Engineering (SCEE) | 05/23/2017 | 954.914 GAZ | NIT-8720 | 05/23/2017 | 05/23/2017 | Book |
